La estrategia norteamericana de disuasión militar

Guardat en:
Dades bibliogràfiques
Format: Text
Publicat: s.l.: s.e.
Etiquetes: Afegir etiqueta
Sense etiquetes, Sigues el primer a etiquetar aquest registre!

MARC

LEADER 00000 a a2200000 04500
001 21618
003
040
090 |a 096100  
245 |a La estrategia norteamericana de disuasión militar  
260 |a s.l.:   |b s.e.  
300 |a 14 p.  
999 |c 8806  |d 8806